Statistics for Car Manufacturer Quiz

Click here to take the quiz!

General Stats

  • This quiz has been taken 763 times
  • The average score is 10 of 15

Answer Stats

HintAnswer% Correct
CivicHonda
97%
ChargerDodge
95%
VeyronBugatti
88%
MondeoFord
87%
R8Audi
85%
BoxsterPorsche
83%
GallardoLamborghini
81%
F430Ferrari
80%
SL500Mercedes
79%
LagunaRenault
59%
VectraVauxhall
54%
1007Peugeot
46%
GumpertApollo
40%
EspaceToyota
23%
XsaraCitreon
17%

Score Distribution

Percentile by Number Answered

Percent of People with Each Score

Your Score History

You have not taken this quiz